Industrial Chemistry (Record no. 5236)

MARC details
000 -LEADER
fixed length control field 00356nam a22001577a 4500
005 - DATE AND TIME OF LATEST TRANSACTION
control field 20160914172152.0
008 - FIXED-LENGTH DATA ELEMENTS--GENERAL INFORMATION
fixed length control field 160914b xxu||||| |||| 00| 0 eng d
020 ## - INTERNATIONAL STANDARD BOOK NUMBER
ISBN 81-8282-555-0
041 ## - LANGUAGE CODE
Language code of text/sound track or separate title eng
100 ## - MAIN ENTRY--AUTHOR NAME
Personal name Sharma,B K
245 ## - TITLE STATEMENT
Title Industrial Chemistry
260 ## - PUBLICATION, DISTRIBUTION, ETC. (IMPRINT)
Name of publisher Goel
Year of publication 2014
300 ## - PHYSICAL DESCRIPTION
Number of Pages 1664
650 ## - SUBJECT ADDED ENTRY--TOPICAL TERM
Topical Term Engineering
942 ## - ADDED ENTRY ELEMENTS (KOHA)
Koha item type Books
Holdings
Lost status Damaged status Collection code Home library Current library Shelving location Date acquired Source of acquisition Cost, normal purchase price Accession Number Koha item type
    CS/IT JRU Library   SHELF-56-J 14/09/2016 PURCHASE 990.00 21197 Books
    CS/IT JRU Library JRU Library SHELF-56-J 14/09/2016 PURCHASE 990.00 21198 Books
    CS/IT JRU Library JRU Library SHELF-56-J 14/09/2016 PURCHASE 990.00 21199 Books
    CS/IT JRU Library JRU Library SHELF-56-J 29/03/2017 PURCHASE 990.00 21533 Books